01255nam a2200181Ia 4500001001300000003001000013008004100023040002500064041000700089100002100096245003700117250001100154260003400165300001200199500080100211650003901012700002201051b6819-48921 IT-MiCISF161014s9999||||xx |||||||||||||| ||und|| aIT-MiCISFcIT-MiCISF ait aBelotti Giuseppe 0aL'alfabeto delle coppie in crisi a1a ed. a Leumann (TO)bElledicic2010 app. 144 a / coppia, comunicazione, coppia-in-crisi / Vivere in coppia oggi è una sfida. Uomini e donne sono consapevoli della fragilità del legame: la durata del rapporto dipende da una serie di fattori non sempre facilmente gestibili. Quando un rapporto non funziona, si cambia, come si cambia l'auto o il vestito. Non è tempo per fermarsi a riflettere sulle naturali difficoltà che ogni incontro tra persone presenta. In tanti casi si preferisce la fuga all'impegno, inseguendo meteore e paradisi artificiali. Questo libro offre riflessioni sui tanti segnali che rilevano situazioni di crisi di coppia, pone interrogativi e apre orizzonti di ragionamento che cercano di aiutare uomini e donne a mettere al centro della relazione, con coscienza e responsabilità, l'autenticità dei sentimenti. a Relazione di coppia / coppiae002 aPalazzo Salvatore